| 000 | 00788nas a2200253 4500 | ||
|---|---|---|---|
| 001 | BR2019001612 | ||
| 003 | BR-BrBNA | ||
| 005 | 20231205131938.0 | ||
| 007 | ta | ||
| 008 | 230509b bl.|||p| |||| 00| 00por d | ||
| 040 |
_aBR-BrBNA _bpor _cBiblioteca Nacional de Agricultura |
||
| 041 | _a(Pt) | ||
| 072 | _aF04 | ||
| 100 | 1 | _aReis, E.L. | |
| 100 | 1 | _aCabala-Rosand, P. | |
| 245 | 1 | _aEficiência dos fertilizantes aplicados nas fases pré e pós sangria da seringueira | |
| 650 | _aHEVEA BRASILIENSIS | ||
| 650 | _aADUBAÇÃO | ||
| 650 | _aSERINGUEIRA | ||
| 773 | 0 |
_tRevista Theobroma (Brazil) _xISSN 0370-7962 _g(Jul-Sep 1988), v. 18(3) p. 189-200 _wBR2019001612 |
|
| 856 | 4 | 0 | _dLink DSPACE/MAPA BR2019001612 |
| 909 |
_a202311 _bLúcia _c55 _dLúcia Elande |
||
| 942 |
_2AGRIS _n0 _cANA |
||
| 999 |
_c257620 _d257620 |
||